Geography Quiz

Random Geography or State Quiz

How Many US States Have You Been To? Quiz Stats

 Plays Quiz not verified by Sporcle

Score 0/50 Timer 10:00
0 Plays Today
% Correct
New York
79.5%
Florida
75.9%
California
73.5%
Virginia
73.5%
Georgia
71.1%
Maryland
71.1%
Pennsylvania
71.1%
Illinois
69.9%
New Jersey
67.5%
Nevada
61.4%
Tennessee
61.4%
Missouri
60.2%
Texas
60.2%
Arizona
59%
North Carolina
59%
West Virginia
59%
Colorado
57.8%
Massachusetts
57.8%
Ohio
56.6%
Kentucky
55.4%
South Carolina
54.2%
Indiana
53%
Alabama
50.6%
Connecticut
50.6%
Kansas
50.6%
% Correct
Minnesota
49.4%
Utah
49.4%
Delaware
48.2%
Wyoming
48.2%
Louisiana
47%
Michigan
47%
New Mexico
47%
Washington
47%
Iowa
45.8%
Mississippi
44.6%
Nebraska
43.4%
Rhode Island
42.2%
Wisconsin
42.2%
Idaho
39.8%
Oregon
39.8%
Arkansas
38.6%
Montana
37.3%
South Dakota
37.3%
Oklahoma
36.1%
New Hampshire
34.9%
Vermont
33.7%
Maine
32.5%
Hawaii
28.9%
North Dakota
25.3%
Alaska
20.5%

You're not logged in!

Compare scores with friends on all Sporcle quizzes.
OR
Log In

Show Comments

Extras

Top Quizzes Today


Score Distribution

Your Account Isn't Verified!

In order to create a playlist on Sporcle, you need to verify the email address you used during registration. Go to your Sporcle Settings to finish the process.

Report this User

Report this user for behavior that violates our Community Guidelines.

Details: